Govt. of
Madhya Pradesh

Cracking The TOEFL CBT (Record no. 33536)

MARC details
000 -LEADER
fixed length control field 004220000a22001690004500
003 - CONTROL NUMBER IDENTIFIER
control field MACL
005 - DATE AND TIME OF LATEST TRANSACTION
control field 20160119153748.0
008 - FIXED-LENGTH DATA ELEMENTS--GENERAL INFORMATION
fixed length control field 160119b xxu||||| |||| 00| 0 eng d
040 ## - CATALOGING SOURCE
Original cataloging agency MACL
Transcribing agency MACL
041 ## - LANGUAGE CODE
Language code of text/sound track or separate title English
082 ## - DEWEY DECIMAL CLASSIFICATION NUMBER
Classification number 372.652
100 ## - MAIN ENTRY--PERSONAL NAME
Personal name Miller, George
9 (RLIN) 31675
245 ## - TITLE STATEMENT
Title Cracking The TOEFL CBT
260 ## - PUBLICATION, DISTRIBUTION, ETC. (IMPRINT)
Name of publisher, distributor, etc. Random House
Date of publication, distribution, etc. 2001
Place of publication, distribution, etc. New York
650 ## - SUBJECT ADDED ENTRY--TOPICAL TERM
Topical term or geographic name as entry element Education
9 (RLIN) 33283
942 ## - ADDED ENTRY ELEMENTS (KOHA)
Koha item type Books
Call number prefix 372.652/MILL
Source of classification or shelving scheme
Holdings
Withdrawn status Lost status Source of classification or shelving scheme Damaged status Not for loan Home library Current library Date acquired Total Checkouts Full call number Barcode Date last seen Uniform Resource Identifier Price effective from Koha item type
          MACL MACL 19/01/2016   372.652/MILL CLC001229 29/04/2015 33593 15/04/2015 Books